Report Of The Committee On Employment, Social Welfare And State Enterprises On The National Labour Commission (Record no. 3685)

MARC details
000 -LEADER
fixed length control field 00508nam a2200145Ia 4500
008 - FIXED-LENGTH DATA ELEMENTS--GENERAL INFORMATION
fixed length control field 240429s9999||||xx |||||||||||||| ||und||
041 ## - LANGUAGE CODE
Language code of text/sound track or separate title eng
082 ## - DEWEY DECIMAL CLASSIFICATION NUMBER
Classification number CR/NLC/13
100 ## - MAIN ENTRY--PERSONAL NAME
Personal name Parliament of Ghana
245 #0 - TITLE STATEMENT
Title Report Of The Committee On Employment, Social Welfare And State Enterprises On The National Labour Commission
300 ## - PHYSICAL DESCRIPTION
Extent 8p;tabs
650 ## - SUBJECT ADDED ENTRY--TOPICAL TERM
Topical term or geographic name entry element And State Enterprises On The National Labour Commission - Report Of The Committee On Employment, Social Welfare
942 ## - ADDED ENTRY ELEMENTS (KOHA)
Koha item type Annual Estimates
Holdings
Withdrawn status Lost status Damaged status Not for loan Home library Current library Shelving location Date acquired Total checkouts Full call number Date last seen Copy number Price effective from Koha item type
        Main Library Main Library Open Shelves 13/09/2023   CR/NLC/13 7168 C1 - CR/NLC/13 7169 C2 - CR/NLC/13 7170 C3 - CR/NLC/13 7171 C4 29/04/2024 1 29/04/2024 Annual Estimates
©2026  Parliament of Ghana Library - All rights reserved